LEADER 02579nam 22007215 450 001 9910162967603321 005 20230126213707.0 010 $a9783110876482 010 $a3110876485 024 7 $a10.1515/9783110876482 035 $a(CKB)3710000000519914 035 $a(SSID)ssj0001589548 035 $a(PQKBManifestationID)16275518 035 $a(PQKBTitleCode)TC0001589548 035 $a(PQKBWorkID)14871934 035 $a(PQKB)11147983 035 $a(MiAaPQ)EBC4793869 035 $a(DE-B1597)54063 035 $a(OCoLC)1002231637 035 $a(OCoLC)1004872680 035 $a(OCoLC)1011447840 035 $a(OCoLC)1013945830 035 $a(OCoLC)946713418 035 $a(OCoLC)999373728 035 $a(DE-B1597)9783110876482 035 $a(Perlego)609976 035 $a(BIP)30776110 035 $a(BIP)9620789 035 $a(EXLCZ)993710000000519914 100 $a20190906d2015 fg 101 0 $aeng 135 $aurcnu|||||||| 181 $ctxt 182 $cc 183 $acr 200 00$aGrowth to Limits $eThe Western European Welfare States Since World War II. $hVol 2, $iGermany, United Kingdom, Ireland, Italy /$fPeter Flora 205 $a1986 210 1$aBerlin ;$aBoston : $cDe Gruyter, $d[2015] 210 4$dİ1986 215 $a1 online resource (544 pages) 225 0 $aEuropean University Institute - Series C ;$v6/2 300 $aBibliographic Level Mode of Issuance: Monograph 311 08$a9783110111316 311 08$a3110111314 327 $tFrontmatter -- $tPreface -- $tTable of Contents -- $tIntroduction -- $tGermany / $rAlber, Jens -- $tUnited Kingdom / $rParry, Richard -- $tIreland / $rMaguire, Maria -- $tItaly / $rFerrera, Maurizio -- $tAppendix: Pension politics and pension policy in Italy: an institutional analysis of pension bills and laws / $rMaestri, Ezio -- $tAuthors' biographical sketches -- $tBackmatter 410 0$aSeries C--Political and social sciences ;$v6.2. 606 $aWelfare state 607 $aEurope$xSocial conditions$y20th century 607 $aEurope$xPolitics and government$y1945- 607 $aEurope$xEconomic conditions$y1945- 615 0$aWelfare state. 701 $aAlber$b Jens$0120748 701 $aFerrera$b Mauricio$01208980 701 $aMaestri$b Ezio$01208981 701 $aMaguire$b Maria$01208982 701 $aPerry$b Richard$01208983 702 $aFlora$b Peter, 801 0$bDE-B1597 801 1$bDE-B1597 906 $aBOOK 912 $a9910162967603321 996 $aGrowth to Limits$92789142 997 $aUNINA